00476 2200193 4500001002100000005001500021035002000036007000300056008004100059020002200100082000800122084001400130100001000144245003900154260004600193300001600239650001000255856001700265INLIS00000000000815920260126094524 a0010-0126000156ta260126 0 ind  a978-623-515-323-0 a300 a300 RAH p0 aRAHMA1 aPENGANTAR HUKUM INDONESIA /cRAHMA aYogyakarta :banak hebat indonesia,c2024 a402 ;c21cm 4ahukum aALUMNI HUKUM